00282nam a2200121Ia 45000030006000000080041000060400015000471000028000622450032000902600009001225460012001310050017001430STCL150530s9999 xx 000 0 und d aSTCLcSTCL aRam Singh; Haldar, M.K. aKennedy through Indian eyes c1965 aEnglish20220125171402.0